Ocenenie obetavosti a iniciatívy Slávnostné zasadnutia ku Dňu baníkov a energetikov

Bibliographic Details
Format: Article
Language:Slovak
Subjects:

MARC

LEADER 00000nab a2200000 a 4500
001 vtls000007541
003 SK-MaSNL
005 20260304032035.0
008 111103c1978 xo 0 slo
015 |a SNBRB19rr/mm-uuuuu 
035 |a CL0017634 
040 |a SNKBUCL  |b slo  |c SNKBUCL  |e AACR2 
041 0 |a slo 
044 |a xo  |c SK 
080 |a 622  |2 1981 
080 |a 620.9  |2 1981 
080 |a 323(437.6)  |2 1981 
245 0 0 |a Ocenenie obetavosti a iniciatívy  |b Slávnostné zasadnutia ku Dňu baníkov a energetikov 
650 0 7 |a baníctvo  |2 snkbucl  |9 3571 
650 0 7 |a energetika  |2 snkbucl  |9 3680 
650 0 7 |a Deň baníkov a energetikov  |2 snkbucl  |9 929420 
651 7 |a 3807  |2 snkbucl  |9 921028 
655 7 |a články z novín a časopisov  |2 snkbucl  |9 267496 
773 0 |t Pravda  |g Roč. 59, č. 213 (9. 9. 1978), s. 1-2 
850 |a Slovenská národná knižnica v Martine  |a MTA001 
852 |a SNK  |b KIS3GCP 
958 |a RK 
992 |a RBX 
999 |c 2641007  |d 2642937